000 00182 a2200085 4500
020 _a9781594200717
100 _aKATE ASCHER
245 _aTHE WORKS: ANATOMY OF A CITY
260 _bPENGUIN
999 _c13103
_d13103